| 000 | 01485cam a22003734a 4500 | ||
|---|---|---|---|
| 999 |
_c58341 _d58341 |
||
| 001 | 13166625 | ||
| 005 | 20211116151540.0 | ||
| 008 | 030417s2004 caua 001 0 eng | ||
| 010 | _a 2003105883 | ||
| 020 | _a0534380581 (student ed., InfoTrac college ed.) | ||
| 020 | _a0534423582 (student ed.) | ||
| 020 | _a0534423620 (international student ed.) | ||
| 035 | _a(DLC) 2003105883 | ||
| 040 |
_aDLC _cDLC _dDLC |
||
| 042 | _apcc | ||
| 050 | 0 | 0 |
_aT57.6 _b.W645 2004 |
| 080 | _a004.421 W-73 | ||
| 082 | 0 | 0 |
_a003 _222 |
| 100 | 1 |
_aWinston, Wayne L. _912927 |
|
| 245 | 1 | 0 |
_aOperations research : _bapplications and algorithms / _cWayne L. Winston ; with cases by Jeffrey B. Goldberg. |
| 250 | _a4th ed. | ||
| 260 |
_aBelmont, CA : _bThomson/Brooks/Cole, _cc2004 |
||
| 300 |
_axvi, 1418 p. : _bill. ; _c26 cm. + _e1 CD-ROM (4 3/4 in.) |
||
| 500 | _aIncludes index. | ||
| 538 | _aSystem requirements for accompanying CD-ROM: Microsoft Windows. | ||
| 650 | 0 |
_aOperations research _vTextbooks. _912928 |
|
| 653 | _aOperations Research: Applications and Algorithms | ||
| 653 | _aსაინფორმაციო ტექნოლოგიები | ||
| 653 | _aИнформационные технологии | ||
| 700 | 1 |
_aGoldberg, Jeffrey B. _912929 |
|
| 906 |
_a7 _bcbc _corignew _d3 _eepcn _f20 _gy-gencatlg |
||
| 942 |
_2udc _cBK |
||
| 955 |
_apc19 2003-04-17 _apv07 2003-10-30 to ASCD _ajf00 2003-11-13; _ijf17 2005-04-08; _ajf01 2005-04-14 (Review) _aaa07 2005-04-25 |
||